Statistics for 15 Taíno/Arawak Words You Didn’t Realize You Knew

Click here to take the quiz!

General Stats

  • This quiz has been taken 1,010 times
  • The average score is 10 of 15

Answer Stats

TainoHintEnglish% Correct
barbakoafoodbarbecue
90%
hurakãnatural phenomenahurricane
87%
iwanaanimaliguana
82%
batatatuberpotato
82%
mahisgrainmaize
80%
manatíanimalmanatee
79%
XaymacacountryJamaica
70%
sabanalandformsavanna
70%
hamakathinghammock
64%
kanowathingcanoe
61%
kayalandformcay
56%
kasabitubercassava
43%
kaimãanimalcaiman
39%
wayabafruitguava
32%
kasikepersoncacique
18%

Score Distribution

Percentile by Number Answered

Percent of People with Each Score

Your Score History

You have not taken this quiz